Rozpoznaj komentatora sportowego po zdjęciu - Statystyki

Ogólne statystyki
  • Ten quiz został rozwiązany 195 razy
  • Średni wynik to 11 z 24
Statystyki odpowiedzi
Obrazkowy Odpowiedź % Poprawnych
Dariusz Szpakowski
99%
Mateusz Borek
96%
Przemysław Babiarz
88%
Tomasz Hajto
84%
Włodzimierz Szaranowicz
81%
Jacek Laskowski
74%
Tomasz Smokowski
69%
Roman Kołtoń
58%
Andrzej Twarowski
47%
Bożydar Iwanow
46%
Sebastian Szczęsny
43%
Tomasz Zimoch
40%
Wojciech Drzyzga
38%
Marek Rudziński
37%
Igor Błachut
30%
Tomasz Swędrowski
30%
Janusz Pindera
26%
Aldona Marciniak
25%
Andrzej Kostyra
24%
Piotr Dębowski
23%
Tomasz Jaroński
18%
Andrzej Borowczyk
16%
Piotr Sobczyński
16%
Dominik Durniat
6%
Nie znaleziono quizów pasujących do podanych kryteriów
Rozkład punktacji
Procent ludzi z każdym wynikiem
Percentyl według liczby udzielonych odpowiedzi
Twoja historia wyników
Nie rozwiązałeś tego quizu